[Event "23rd Hoogeveen Open 2019"]
[Site "Hoogeveen"]
[Date "2019.10.24"]
[Round "7.20"]
[White "Takawira, Erick"]
[Black "Blagojevic, Tijana"]
[Result "0-1"]
[WhiteElo "2101"]
[BlackElo "2151"]
[Annotator "NA RC"]
[PlyCount "145"]
[EventDate "2019.10.19"]
[EventType "swiss"]
[EventCountry "NED"]
[SourceTitle "playchess.com"]
[Source "ChessBase"]
[SourceQuality "1"]
[TimeControl "40/5400+30:1800+30"]

1. e4 {[%emt 0:00:00]} e5 {[%emt 0:00:00]} 2. Nf3 {[%emt 0:00:00]} Nc6 {[%emt 0:00:00]} 3. Bb5 {[%emt 0:00:00]} Nf6 {[%emt 0:00:00]} 4. d3 {[%emt 0:00:00]} Bc5 {[%emt 0:00:00]} 5. Bxc6 {[%emt 0:00:00]} dxc6 {[%emt 0:00:12]} 6. Be3 {[%emt 0:00:00]} Bd6 {[%emt 0:02:04]} 7. h3 {[%emt 0:00:00]} c5 {[%emt 0:01:56]} 8. Nbd2 {[%emt 0:01:06]} Nd7 {[%emt 0:03:16]} 9. O-O {[%emt 0:01:25]} O-O {[%emt 0:01:46]} 10. Re1 {[%emt 0:02:18]} Re8 {[%emt 0:00:32]} 11. Nf1 {[%emt 0:03:24]} Nf8 {[%emt 0:00:25]} 12. Ng3 {[%emt 0:00:07]} b6 {[%emt 0:02:51]} 13. a4 {[%emt 0:00:05]} a5 {[%emt 0:00:26]} 14. Qd2 {[%emt 0:02:57]} Ne6 {[%emt 0:05:21]} 15. Nf5 {[%emt 0:04:52]} Nd4 {[%emt 0:00:31]} 16. Bxd4 {[%emt 0:01:10]} cxd4 {[%emt 0:05:43]} 17. Nxd6 {[%emt 0:04:23]} Qxd6 {[%emt 0:00:14]} 18. Kh1 {[%emt 0:13:48]} Bd7 {[%emt 0:01:25]} 19. Nh2 {[%emt 0:03:15]} Re6 {[%emt 0:03:19]} 20. Rf1 {[%emt 0:01:58]} Rf6 {[%emt 0:02:27]} 21. Ng4 {[%emt 0:09:22]} Bxg4 {[%emt 0:01:27]} 22. hxg4 {[%emt 0:00:02]} Rf4 {[%emt 0:08:36]} 23. Qe2 {[%emt 0:08:32]} h5 {[%emt 0:08:45]} 24. gxh5 {[%emt 0:05:02]} Rh4+ {[%emt 0:04:59]} 25. Kg1 {[%emt 0:00:00]} Qh6 {[%emt 0:00:12]} 26. f3 {[%emt 0:07:04]} Rxh5 {[%emt 0:00:49]} 27. Kf2 {[%emt 0:00:49]} Rd8 {[%emt 0:03:29]} 28. Ke1 {[%emt 0:06:21]} Rh2 {[%emt 0:01:38]} 29. Rg1 {[%emt 0:00:51]} Rd6 {[%emt 0:00:27]} 30. Rd1 {[%emt 0:04:34]} Rg6 {[%emt 0:02:03]} 31. Qf2 {[%emt 0:03:16]} Rhxg2 {[%emt 0:02:53]} 32. Rxg2 {[%emt 0:01:26]} Qh1+ {[%emt 0:00:07]} 33. Ke2 {[%emt 0:03:51]} Qxg2 {[%emt 0:00:24]} 34. c3 {[%emt 0:03:45]} c5 {[%emt 0:02:41]} 35. c4 {[%emt 0:03:34]} Qh3 {[%emt 0:07:20]} 36. Rg1 {[%emt 0:00:21]} Rxg1 {[%emt 0:00:17]} 37. Qxg1 {[%emt 0:00:01]} Qh6 {[%emt 0:00:12]} 38. Kd1 {[%emt 0:02:06]} Qf4 {[%emt 0:00:51]} 39. Qg2 {[%emt 0:00:56]} Qe3 {[%emt 0:01:24]} 40. Kc2 {[%emt 0:00:04]} g6 {[%emt 0:05:39]} 41. Qf1 {[%emt 0:31:59]} Kg7 {[%emt 0:31:19]} 42. Kd1 {[%emt 0:00:10]} Kf6 {[%emt 0:00:20]} 43. Kc2 {[%emt 0:00:07]} Kg7 {[%emt 0:01:50]} 44. Kd1 {[%emt 0:02:18]} Qg5 {[%emt 0:00:05]} 45. Qf2 {[%emt 0:00:00]} f5 {[%emt 0:00:00]} 46. exf5 {[%emt 0:00:00]} gxf5 {[%emt 0:00:00]} 47. Qh2 {[%emt 0:00:00]} Qe3 {[%emt 0:00:00]} 48. Qg2+ {[%emt 0:00:00]} Kf6 {[%emt 0:00:00]} 49. Kc2 {[%emt 0:00:00]} e4 {[%emt 0:00:00]} 50. fxe4 {[%emt 0:00:00]} fxe4 {[%emt 0:00:00]} 51. dxe4 {[%emt 0:00:00]} Ke5 {[%emt 0:00:00]} 52. Qg7+ {[%emt 0:00:00]} Kxe4 {[%emt 0:00:00]} 53. Qg4+ {[%emt 0:02:33]} Ke5 {[%emt 0:00:00]} 54. Qg7+ {[%emt 0:01:03]} Kf4 {[%emt 0:00:00]} 55. Qh6+ {[%emt 0:00:11]} Kf3 {[%emt 0:00:00]} 56. Qh5+ {[%emt 0:03:29]} Kf2 {[%emt 0:00:00]} 57. Qh2+ {[%emt 0:01:13]} Kf1 {[%emt 0:00:00]} 58. Qh1+ {[%emt 0:02:09]} Qg1 {[%emt 0:00:00]} 59. Qh7 {[%emt 0:00:31]} Qf2+ {[%emt 0:00:00]} 60. Kb3 {[%emt 0:00:43]} Qf3+ {[%emt 0:00:00]} 61. Kc2 {[%emt 0:00:27]} Ke1 {[%emt 0:00:00]} 62. Kb1 {[%emt 0:00:49]} Qd1+ {[%emt 0:00:00]} 63. Ka2 {[%emt 0:00:00]} Qxa4+ {[%emt 0:00:00]} 64. Kb1 {[%emt 0:00:06]} Qxc4 {[%emt 0:00:00]} 65. Qh4+ {[%emt 0:00:06]} Kd1 {[%emt 0:00:00]} 66. Qh1+ {[%emt 0:00:58]} Kd2 {[%emt 0:00:27]} 67. Qh6+ {[%emt 0:00:10]} Ke2 {[%emt 0:02:19]} 68. Qh5+ {[%emt 0:01:04]} Kf2 {[%emt 0:00:26]} 69. Qh4+ {[%emt 0:00:35]} Kf3 {[%emt 0:00:34]} 70. Qh5+ {[%emt 0:00:53]} Kf4 {[%emt 0:00:18]} 71. Qh6+ {[%emt 0:00:12]} Ke5 {[%emt 0:00:30]} 72. Qxb6 {[%emt 0:00:54]} Qd5 {[%emt 0:05:47]} 73. Qxa5 {[%emt 0:01:05]} 0-1

[Event "23rd Hoogeveen Open 2019"]
[Site "Hoogeveen"]
[Date "2019.10.24"]
[Round "7.22"]
[White "Sparenberg, Erik"]
[Black "De Winter, Arthur"]
[Result "1-0"]
[WhiteElo "2142"]
[BlackElo "1896"]
[Annotator "NA"]
[PlyCount "89"]
[EventDate "2019.10.19"]
[EventType "swiss"]
[EventCountry "NED"]
[SourceTitle "playchess.com"]
[Source "ChessBase"]
[SourceQuality "1"]
[TimeControl "40/5400+30:1800+30"]

1. Nf3 {[%emt 0:00:52]} Nf6 {[%emt 0:00:00]} 2. d4 {[%emt 0:00:07]} g6 {[%emt 0:00:00]} 3. g3 {[%emt 0:00:10]} Bg7 {[%emt 0:00:00]} 4. Bg2 {[%emt 0:00:04]} O-O {[%emt 0:00:16]} 5. O-O {[%emt 0:00:03]} d6 {[%emt 0:04:02]} 6. c4 {[%emt 0:02:47]} Nbd7 {[%emt 0:00:00]} 7. Nc3 {[%emt 0:00:09]} e5 {[%emt 0:00:12]} 8. e4 {[%emt 0:04:58]} exd4 {[%emt 0:02:18]} 9. Nxd4 {[%emt 0:00:06]} Nc5 {[%emt 0:03:21]} 10. b4 {[%emt 0:14:59]} Ne6 {[%emt 0:01:43]} 11. Bb2 {[%emt 0:01:41]} Nxd4 {[%emt 0:10:42]} 12. Qxd4 {[%emt 0:03:20]} Nd7 {[%emt 0:00:11]} 13. Qd2 {[%emt 0:05:39]} Nb6 {[%emt 0:05:13]} 14. Qe2 {[%emt 0:09:14]} Be6 {[%emt 0:03:34]} 15. Nd5 {[%emt 0:03:20]} Bxb2 {[%emt 0:01:01]} 16. Qxb2 {[%emt 0:00:39]} Nxc4 {[%emt 0:00:51]} 17. Qd4 {[%emt 0:02:02]} Bxd5 {[%emt 0:00:57]} 18. Qxd5 {[%emt 0:03:07]} Ne5 {[%emt 0:04:31]} 19. Qxb7 {[%emt 0:00:15]} Rb8 {[%emt 0:03:53]} 20. Qxa7 {[%emt 0:00:23]} Nc6 {[%emt 0:00:21]} 21. Qa6 {[%emt 0:03:29]} Nxb4 {[%emt 0:00:44]} 22. Qc4 {[%emt 0:00:36]} c5 {[%emt 0:11:35]} 23. e5 {[%emt 0:02:12]} dxe5 {[%emt 0:01:12]} 24. a3 {[%emt 0:11:02]} Qd3 {[%emt 0:00:32]} 25. Qxc5 {[%emt 0:00:59]} Rb5 {[%emt 0:01:10]} 26. Qc7 {[%emt 0:02:47]} Na6 {[%emt 0:07:03]} 27. Qa7 {[%emt 0:00:59]} Nb8 {[%emt 0:08:34]} 28. a4 {[%emt 0:04:10]} Rb2 {[%emt 0:01:35]} 29. a5 {[%emt 0:00:59]} Na6 {[%emt 0:06:43]} 30. Rfd1 {[%emt 0:02:09]} Qf5 {[%emt 0:00:26]} 31. Qe3 {[%emt 0:04:41]} Rfb8 {[%emt 0:07:42]} 32. Be4 {[%emt 0:05:06]} Qf6 {[%emt 0:01:41]} 33. Rd2 {[%emt 0:02:00]} R2b4 {[%emt 0:07:29]} 34. Rad1 {[%emt 0:04:17]} Nc7 {[%emt 0:03:51]} 35. Rd6 {[%emt 0:01:27]} Ne6 {[%emt 0:01:10]} 36. a6 {[%emt 0:01:01]} Rb2 {[%emt 0:01:37]} 37. a7 {[%emt 0:00:38]} Rf8 {[%emt 0:00:14]} 38. a8=Q {[%emt 0:01:18]} Rxa8 {[%emt 0:00:14]} 39. Bxa8 {[%emt 0:00:08]} Qf5 {[%emt 0:00:47]} 40. Be4 {[%emt 0:02:41]} Qh5 {[%emt 0:00:11]} 41. Qf3 {[%emt 0:31:46]} Qg5 {[%emt 0:30:22]} 42. Rxe6 {[%emt 0:01:44]} fxe6 {[%emt 0:00:09]} 43. Rd7 {[%emt 0:00:45]} Qc1+ {[%emt 0:00:47]} 44. Kg2 {[%emt 0:00:10]} Rxf2+ {[%emt 0:00:42]} 45. Qxf2 {[%emt 0:00:17]} 1-0

[Event "23rd Hoogeveen Open 2019"]
[Site "Hoogeveen"]
[Date "2019.10.24"]
[Round "7.23"]
[White "Emans, Job"]
[Black "Tabak, Stefan"]
[Result "1-0"]
[WhiteElo "2028"]
[BlackElo "2181"]
[Annotator "NA"]
[PlyCount "73"]
[EventDate "2019.10.19"]
[EventType "swiss"]
[EventCountry "NED"]
[SourceTitle "playchess.com"]
[Source "ChessBase"]
[SourceQuality "1"]
[TimeControl "40/5400+30:1800+30"]

1. d4 {[%emt 0:00:00]} Nf6 {[%emt 0:00:00]} 2. c4 {[%emt 0:00:00]} c5 {[%emt 0:00:00]} 3. d5 {[%emt 0:00:00]} b5 {[%emt 0:00:00]} 4. cxb5 {[%emt 0:00:00]} a6 {[%emt 0:00:00]} 5. b6 {[%emt 0:00:24]} e6 {[%emt 0:00:01]} 6. Nc3 {[%emt 0:01:05]} exd5 {[%emt 0:00:13]} 7. Nxd5 {[%emt 0:03:31]} Nxd5 {[%emt 0:00:14]} 8. Qxd5 {[%emt 0:00:11]} Nc6 {[%emt 0:00:15]} 9. Nf3 {[%emt 0:12:28]} Rb8 {[%emt 0:01:19]} 10. Bf4 {[%emt 0:11:40]} Rxb6 {[%emt 0:01:22]} 11. e4 {[%emt 0:09:04]} Be7 {[%emt 0:01:52]} 12. Bc4 {[%emt 0:02:41]} O-O {[%emt 0:00:37]} 13. O-O {[%emt 0:01:14]} Na5 {[%emt 0:17:16]} 14. Bd3 {[%emt 0:01:53]} g6 {[%emt 0:15:54]} 15. Bh6 {[%emt 0:07:36]} Rd6 {[%emt 0:18:11]} 16. Qe5 {[%emt 0:00:28]} f6 {[%emt 0:00:07]} 17. Qc3 {[%emt 0:01:24]} Rf7 {[%emt 0:02:34]} 18. Bf4 {[%emt 0:10:15]} Re6 {[%emt 0:02:15]} 19. Bd2 {[%emt 0:01:33]} c4 {[%emt 0:02:25]} 20. Be2 {[%emt 0:00:17]} Rxe4 {[%emt 0:02:10]} 21. Rae1 {[%emt 0:00:19]} Nc6 {[%emt 0:14:35]} 22. Bxc4 {[%emt 0:02:25]} Rxc4 {[%emt 0:00:13]} 23. Qxc4 {[%emt 0:00:13]} Bb7 {[%emt 0:00:04]} 24. Re2 {[%emt 0:02:06]} d5 {[%emt 0:00:48]} 25. Qb3 {[%emt 0:00:07]} Qd7 {[%emt 0:04:03]} 26. Rfe1 {[%emt 0:01:53]} h5 {[%emt 0:00:46]} 27. Qd3 {[%emt 0:04:50]} Rg7 {[%emt 0:00:36]} 28. Bh6 {[%emt 0:00:36]} Rh7 {[%emt 0:01:13]} 29. Qxg6+ {[%emt 0:00:20]} Kh8 {[%emt 0:00:04]} 30. Rxe7 {[%emt 0:10:30]} Rxe7 {[%emt 0:00:57]} 31. Qxf6+ {[%emt 0:00:03]} Kg8 {[%emt 0:00:12]} 32. Qg6+ {[%emt 0:00:26]} Kh8 {[%emt 0:00:10]} 33. Bg7+ {[%emt 0:00:54]} Rxg7 {[%emt 0:00:17]} 34. Re8+ {[%emt 0:00:04]} Qxe8 {[%emt 0:00:06]} 35. Qxe8+ {[%emt 0:00:03]} Kh7 {[%emt 0:00:10]} 36. Qxh5+ {[%emt 0:00:03]} Kg8 {[%emt 0:00:04]} 37. Ng5 {[%emt 0:01:10]} 1-0

[Event "23rd Hoogeveen Open 2019"]
[Site "Hoogeveen"]
[Date "2019.10.24"]
[Round "7.24"]
[White "Advait, Bagri"]
[Black "Ypma, Jord"]
[Result "1/2-1/2"]
[WhiteElo "2231"]
[BlackElo "2013"]
[Annotator "NA"]
[PlyCount "72"]
[EventDate "2019.10.19"]
[EventType "swiss"]
[EventCountry "NED"]
[SourceTitle "playchess.com"]
[Source "ChessBase"]
[SourceQuality "1"]
[TimeControl "40/5400+30:1800+30"]

1. e4 {[%emt 0:00:00]} c5 {[%emt 0:00:00]} 2. Nf3 {[%emt 0:00:04]} d6 {[%emt 0:00:06]} 3. d4 {[%emt 0:00:27]} cxd4 {[%emt 0:00:06]} 4. Qxd4 {[%emt 0:00:06]} a6 {[%emt 0:00:26]} 5. h3 {[%emt 0:00:08]} Nc6 {[%emt 0:00:37]} 6. Qe3 {[%emt 0:00:18]} g6 {[%emt 0:00:51]} 7. c4 {[%emt 0:00:28]} Bg7 {[%emt 0:00:42]} 8. Be2 {[%emt 0:00:40]} Nf6 {[%emt 0:00:24]} 9. O-O {[%emt 0:00:14]} O-O {[%emt 0:00:17]} 10. Nc3 {[%emt 0:00:13]} Nd7 {[%emt 0:00:53]} 11. Rb1 {[%emt 0:00:30]} b6 {[%emt 0:00:57]} 12. b3 {[%emt 0:02:39]} Nde5 {[%emt 0:12:25]} 13. Rd1 {[%emt 0:08:08]} Nxf3+ {[%emt 0:10:37]} 14. Bxf3 {[%emt 0:00:34]} Rb8 {[%emt 0:00:35]} 15. Bb2 {[%emt 0:03:28]} Bb7 {[%emt 0:09:33]} 16. Be2 {[%emt 0:03:29]} Ba8 {[%emt 0:12:07]} 17. Nd5 {[%emt 0:07:24]} e5 {[%emt 0:08:59]} 18. b4 {[%emt 0:07:41]} Nd4 {[%emt 0:02:14]} 19. Bxd4 {[%emt 0:03:13]} exd4 {[%emt 0:00:40]} 20. Qa3 {[%emt 0:00:23]} Bxd5 {[%emt 0:04:35]} 21. exd5 {[%emt 0:06:53]} Be5 {[%emt 0:03:39]} 22. Qf3 {[%emt 0:04:07]} Qc7 {[%emt 0:03:08]} 23. Rbc1 {[%emt 0:01:29]} a5 {[%emt 0:00:54]} 24. a3 {[%emt 0:07:35]} Ra8 {[%emt 0:02:05]} 25. Bd3 {[%emt 0:04:19]} axb4 {[%emt 0:00:42]} 26. axb4 {[%emt 0:00:22]} Ra4 {[%emt 0:00:41]} 27. Rb1 {[%emt 0:00:28]} Ra2 {[%emt 0:03:08]} 28. h4 {[%emt 0:02:29]} Qe7 {[%emt 0:04:41]} 29. g3 {[%emt 0:08:40]} Rfa8 {[%emt 0:02:38]} 30. Qg4 {[%emt 0:06:37]} h5 {[%emt 0:03:47]} 31. Qe4 {[%emt 0:01:13]} Qd7 {[%emt 0:02:09]} 32. Bf1 {[%emt 0:03:56]} R8a3 {[%emt 0:01:21]} 33. Rd3 {[%emt 0:01:00]} Rxd3 {[%emt 0:01:04]} 34. Qxd3 {[%emt 0:01:17]} Qg4 {[%emt 0:00:28]} 35. Re1 {[%emt 0:02:26]} Bf6 {[%emt 0:01:34]} 36. Be2 {[%emt 0:04:33]} Qd7 {[%emt 0:00:51]} 1/2-1/2

[Event "23rd Hoogeveen Open 2019"]
[Site "Hoogeveen"]
[Date "2019.10.24"]
[Round "7.25"]
[White "Garcia Morales, Ivette Ale"]
[Black "Vogel, Jaap"]
[Result "0-1"]
[WhiteElo "2013"]
[BlackElo "2123"]
[Annotator "NA"]
[PlyCount "60"]
[EventDate "2019.10.19"]
[EventType "swiss"]
[EventCountry "NED"]
[SourceTitle "playchess.com"]
[Source "ChessBase"]
[SourceQuality "1"]
[TimeControl "40/5400+30:1800+30"]

1. d4 {[%emt 0:00:00]} e6 {[%emt 0:00:00]} 2. Nf3 {[%emt 0:00:00]} d5 {[%emt 0:00:10]} 3. c4 {[%emt 0:00:00]} c6 {[%emt 0:00:41]} 4. g3 {[%emt 0:00:00]} Nf6 {[%emt 0:01:12]} 5. Bg2 {[%emt 0:00:00]} Be7 {[%emt 0:00:11]} 6. O-O {[%emt 0:00:08]} O-O {[%emt 0:00:48]} 7. Nc3 {[%emt 0:00:05]} b6 {[%emt 0:00:32]} 8. Qc2 {[%emt 0:02:30]} Nbd7 {[%emt 0:05:25]} 9. Rd1 {[%emt 0:02:55]} Ba6 {[%emt 0:05:13]} 10. cxd5 {[%emt 0:08:08]} cxd5 {[%emt 0:06:38]} 11. Ne5 {[%emt 0:06:03]} Qc8 {[%emt 0:11:25]} 12. Qa4 {[%emt 0:05:27]} Nxe5 {[%emt 0:07:45]} 13. dxe5 {[%emt 0:00:25]} Nd7 {[%emt 0:00:07]} 14. Bf4 {[%emt 0:14:30]} b5 {[%emt 0:09:04]} 15. Qd4 {[%emt 0:03:37]} b4 {[%emt 0:11:06]} 16. Ne4 {[%emt 0:08:07]} Bxe2 {[%emt 0:01:54]} 17. Rd2 {[%emt 0:00:20]} Qa6 {[%emt 0:02:13]} 18. Bg5 {[%emt 0:12:18]} Bxg5 {[%emt 0:14:08]} 19. Nxg5 {[%emt 0:00:02]} Rac8 {[%emt 0:02:24]} 20. Re1 {[%emt 0:09:07]} Bb5 {[%emt 0:06:31]} 21. b3 {[%emt 0:06:17]} Nc5 {[%emt 0:00:45]} 22. Bf1 {[%emt 0:00:58]} h6 {[%emt 0:01:09]} 23. Bxb5 {[%emt 0:04:07]} Qxb5 {[%emt 0:00:10]} 24. Nh3 {[%emt 0:00:47]} Ne4 {[%emt 0:00:44]} 25. Rde2 {[%emt 0:01:21]} a5 {[%emt 0:03:01]} 26. Nf4 {[%emt 0:02:07]} Rc3 {[%emt 0:00:33]} 27. Nh5 {[%emt 0:02:58]} Rfc8 {[%emt 0:01:32]} 28. Kg2 {[%emt 0:05:06]} Rc2 {[%emt 0:02:01]} 29. Qe3 {[%emt 0:01:48]} Rxe2 {[%emt 0:01:28]} 30. Rxe2 {[%emt 0:00:16]} Rc3 {[%emt 0:00:15]} 0-1

[Event "23rd Hoogeveen Open 2019"]
[Site "Hoogeveen"]
[Date "2019.10.24"]
[Round "7.26"]
[White "Van der Hagen, Loek"]
[Black "Van Dorp, Folke"]
[Result "1/2-1/2"]
[WhiteElo "1983"]
[BlackElo "2086"]
[Annotator "NA"]
[PlyCount "77"]
[EventDate "2019.10.19"]
[EventType "swiss"]
[EventCountry "NED"]
[SourceTitle "playchess.com"]
[Source "ChessBase"]
[SourceQuality "1"]
[TimeControl "40/5400+30:1800+30"]

1. e4 {[%emt 0:00:00]} c5 {[%emt 0:00:00]} 2. Nf3 {[%emt 0:00:00]} d6 {[%emt 0:00:00]} 3. d4 {[%emt 0:00:00]} cxd4 {[%emt 0:00:00]} 4. Nxd4 {[%emt 0:00:00]} Nf6 {[%emt 0:00:00]} 5. Nc3 {[%emt 0:00:00]} a6 {[%emt 0:00:00]} 6. Bg5 {[%emt 0:00:12]} Nbd7 {[%emt 0:01:08]} 7. f4 {[%emt 0:00:11]} Qa5 {[%emt 0:01:39]} 8. Qf3 {[%emt 0:04:16]} h6 {[%emt 0:00:53]} 9. Bh4 {[%emt 0:03:18]} e5 {[%emt 0:00:10]} 10. Nb3 {[%emt 0:10:42]} Qc7 {[%emt 0:00:18]} 11. f5 {[%emt 0:02:55]} b5 {[%emt 0:03:46]} 12. a3 {[%emt 0:04:21]} Bb7 {[%emt 0:01:51]} 13. Bd3 {[%emt 0:01:52]} Rc8 {[%emt 0:00:58]} 14. O-O-O {[%emt 0:01:57]} Be7 {[%emt 0:03:07]} 15. Bf2 {[%emt 0:02:12]} Nb6 {[%emt 0:03:40]} 16. Bxb6 {[%emt 0:05:50]} Qxb6 {[%emt 0:00:09]} 17. Nd5 {[%emt 0:05:38]} Bxd5 {[%emt 0:10:53]} 18. exd5 {[%emt 0:00:21]} Nd7 {[%emt 0:03:07]} 19. h4 {[%emt 0:04:46]} a5 {[%emt 0:03:02]} 20. g4 {[%emt 0:16:28]} a4 {[%emt 0:05:39]} 21. Nd2 {[%emt 0:00:48]} Nc5 {[%emt 0:04:58]} 22. c3 {[%emt 0:13:38]} b4 {[%emt 0:13:33]} 23. axb4 {[%emt 0:00:13]} Nxd3+ {[%emt 0:01:26]} 24. Qxd3 {[%emt 0:00:04]} Qxb4 {[%emt 0:01:04]} 25. c4 {[%emt 0:10:56]} Bd8 {[%emt 0:02:08]} 26. Qc3 {[%emt 0:04:23]} Ba5 {[%emt 0:02:43]} 27. Kc2 {[%emt 0:01:21]} Qc5 {[%emt 0:01:14]} 28. Ne4 {[%emt 0:03:00]} Bxc3 {[%emt 0:12:03]} 29. Nxc5 {[%emt 0:00:02]} Bxb2 {[%emt 0:02:01]} 30. Nxa4 {[%emt 0:02:29]} Bd4 {[%emt 0:01:35]} 31. Kd3 {[%emt 0:01:39]} Ra8 {[%emt 0:02:12]} 32. Rb1 {[%emt 0:00:49]} O-O {[%emt 0:03:37]} 33. Nc3 {[%emt 0:00:35]} Ra3 {[%emt 0:01:01]} 34. Rhc1 {[%emt 0:00:05]} Rc8 {[%emt 0:01:44]} 35. Rb7 {[%emt 0:00:53]} Kf8 {[%emt 0:02:42]} 36. g5 {[%emt 0:00:59]} Re8 {[%emt 0:02:51]} 37. Rc2 {[%emt 0:00:59]} Ra1 {[%emt 0:04:08]} 38. Ne4 {[%emt 0:00:24]} Ra3+ {[%emt 0:00:16]} 39. Nc3 {[%emt 0:00:07]} 1/2-1/2

[Event "23rd Hoogeveen Open 2019"]
[Site "Hoogeveen"]
[Date "2019.10.24"]
[Round "7.28"]
[White "Faber, Hugo"]
[Black "Albers, Sasa"]
[Result "1/2-1/2"]
[WhiteElo "2077"]
[BlackElo "1975"]
[Annotator "NA"]
[PlyCount "109"]
[EventDate "2019.10.19"]
[EventType "swiss"]
[EventCountry "NED"]
[SourceTitle "playchess.com"]
[Source "ChessBase"]
[SourceQuality "1"]
[TimeControl "40/5400+30:1800+30"]

1. e4 {[%emt 0:30:01]} c6 {[%emt 0:00:00]} 2. d4 {[%emt 0:00:27]} d5 {[%emt 0:00:00]} 3. exd5 {[%emt 0:00:27]} cxd5 {[%emt 0:00:00]} 4. c4 {[%emt 0:00:13]} Nf6 {[%emt 0:00:00]} 5. Nc3 {[%emt 0:00:12]} Nc6 {[%emt 0:00:00]} 6. Bg5 {[%emt 0:00:16]} Be6 {[%emt 0:00:00]} 7. Bxf6 {[%emt 0:03:15]} exf6 {[%emt 0:00:00]} 8. a3 {[%emt 0:00:10]} g6 {[%emt 0:05:12]} 9. Nf3 {[%emt 0:05:17]} Bg7 {[%emt 0:01:11]} 10. Be2 {[%emt 0:04:08]} O-O {[%emt 0:00:07]} 11. O-O {[%emt 0:00:32]} f5 {[%emt 0:00:41]} 12. Qd2 {[%emt 0:25:28]} Rc8 {[%emt 0:10:41]} 13. Rad1 {[%emt 0:00:00]} Qd7 {[%emt 0:14:47]} 14. c5 {[%emt 0:00:00]} b6 {[%emt 0:16:17]} 15. b4 {[%emt 0:00:00]} bxc5 {[%emt 0:01:19]} 16. bxc5 {[%emt 0:00:31]} Rb8 {[%emt 0:00:44]} 17. Qc2 {[%emt 0:05:56]} Rfd8 {[%emt 0:19:08]} 18. Qa4 {[%emt 0:02:15]} Ne7 {[%emt 0:03:17]} 19. Bb5 {[%emt 0:02:41]} Qc7 {[%emt 0:00:26]} 20. Rfe1 {[%emt 0:00:29]} Bf6 {[%emt 0:03:27]} 21. Ne5 {[%emt 0:01:26]} Bxe5 {[%emt 0:00:39]} 22. Rxe5 {[%emt 0:00:15]} Kg7 {[%emt 0:04:54]} 23. Rde1 {[%emt 0:02:29]} Ng8 {[%emt 0:00:51]} 24. f3 {[%emt 0:01:48]} Nf6 {[%emt 0:01:56]} 25. g3 {[%emt 0:02:07]} h5 {[%emt 0:08:20]} 26. Qa6 {[%emt 0:02:56]} h4 {[%emt 0:02:30]} 27. Kg2 {[%emt 0:02:46]} hxg3 {[%emt 0:00:07]} 28. hxg3 {[%emt 0:00:04]} Rh8 {[%emt 0:02:14]} 29. R1e2 {[%emt 0:01:22]} f4 {[%emt 0:01:28]} 30. Rxe6 {[%emt 0:01:32]} fxe6 {[%emt 0:00:18]} 31. Rxe6 {[%emt 0:00:10]} Qf7 {[%emt 0:01:10]} 32. Qd6 {[%emt 0:01:36]} Rhd8 {[%emt 0:01:19]} 33. Qe5 {[%emt 0:00:23]} Rb7 {[%emt 0:02:41]} 34. g4 {[%emt 0:00:16]} a6 {[%emt 0:00:35]} 35. g5 {[%emt 0:03:14]} axb5 {[%emt 0:00:21]} 36. Rxf6 {[%emt 0:01:48]} Qc7 {[%emt 0:00:24]} 37. Rd6+ {[%emt 0:00:18]} Kh7 {[%emt 0:00:22]} 38. Nxd5 {[%emt 0:00:27]} Qa5 {[%emt 0:00:59]} 39. Rxd8 {[%emt 0:00:27]} Qxd8 {[%emt 0:00:21]} 40. Nf6+ {[%emt 0:00:51]} Kg7 {[%emt 0:00:23]} 41. Nd7+ {[%emt 0:02:59]} Kh7 {[%emt 0:01:37]} 42. c6 {[%emt 0:00:11]} Rxd7 {[%emt 0:03:03]} 43. cxd7 {[%emt 0:00:09]} Qxd7 {[%emt 0:00:02]} 44. Qxf4 {[%emt 0:01:38]} Qe7 {[%emt 0:01:13]} 45. Qe5 {[%emt 0:03:16]} Qxa3 {[%emt 0:01:28]} 46. Qxb5 {[%emt 0:00:11]} Qa2+ {[%emt 0:01:59]} 47. Kg3 {[%emt 0:00:53]} Qa7 {[%emt 0:00:38]} 48. Qe5 {[%emt 0:01:53]} Kg8 {[%emt 0:00:18]} 49. d5 {[%emt 0:04:30]} Qg1+ {[%emt 0:00:38]} 50. Kf4 {[%emt 0:00:07]} Qh2+ {[%emt 0:00:44]} 51. Ke4 {[%emt 0:00:18]} Qe2+ {[%emt 0:00:04]} 52. Kd4 {[%emt 0:00:11]} Qb2+ {[%emt 0:00:02]} 53. Ke4 {[%emt 0:00:17]} Qe2+ {[%emt 0:00:04]} 54. Kf4 {[%emt 0:00:14]} Qh2+ {[%emt 0:00:04]} 55. Ke4 {[%emt 0:00:09]} 1/2-1/2

[Event "23rd Hoogeveen Open 2019"]
[Site "Hoogeveen"]
[Date "2019.10.24"]
[Round "7.29"]
[White "Stock, Andreas"]
[Black "Slagboom, Leandro"]
[Result "1/2-1/2"]
[WhiteElo "2076"]
[BlackElo "1954"]
[Annotator "NA"]
[PlyCount "69"]
[EventDate "2019.10.19"]
[EventType "swiss"]
[EventCountry "NED"]
[SourceTitle "playchess.com"]
[Source "ChessBase"]
[SourceQuality "1"]
[TimeControl "40/5400+30:1800+30"]

1. c4 {[%emt 0:00:00]} Nf6 {[%emt 0:00:00]} 2. Nc3 {[%emt 0:00:00]} e6 {[%emt 0:00:00]} 3. e4 {[%emt 0:03:26]} d5 {[%emt 0:00:37]} 4. e5 {[%emt 0:01:47]} d4 {[%emt 0:00:10]} 5. exf6 {[%emt 0:00:11]} dxc3 {[%emt 0:00:05]} 6. bxc3 {[%emt 0:00:20]} Qxf6 {[%emt 0:00:07]} 7. Be2 {[%emt 0:05:54]} e5 {[%emt 0:01:51]} 8. Nf3 {[%emt 0:01:07]} e4 {[%emt 0:11:21]} 9. Nd4 {[%emt 0:01:18]} Be7 {[%emt 0:04:14]} 10. O-O {[%emt 0:04:21]} O-O {[%emt 0:04:42]} 11. Bg4 {[%emt 0:05:29]} Nc6 {[%emt 0:09:37]} 12. Nxc6 {[%emt 0:05:16]} Qxc6 {[%emt 0:00:13]} 13. Bxc8 {[%emt 0:04:06]} Raxc8 {[%emt 0:00:33]} 14. Qe2 {[%emt 0:04:18]} Bd6 {[%emt 0:09:02]} 15. Rb1 {[%emt 0:07:17]} a6 {[%emt 0:03:54]} 16. Rb3 {[%emt 0:02:34]} f5 {[%emt 0:09:46]} 17. d4 {[%emt 0:06:11]} Rce8 {[%emt 0:18:00]} 18. c5 {[%emt 0:00:47]} Be7 {[%emt 0:00:43]} 19. Qc4+ {[%emt 0:10:43]} Kh8 {[%emt 0:00:11]} 20. Bf4 {[%emt 0:00:36]} b5 {[%emt 0:03:03]} 21. Qe2 {[%emt 0:02:08]} g5 {[%emt 0:01:45]} 22. Be5+ {[%emt 0:00:33]} Bf6 {[%emt 0:01:34]} 23. Bxf6+ {[%emt 0:00:54]} Qxf6 {[%emt 0:00:44]} 24. c4 {[%emt 0:01:30]} f4 {[%emt 0:07:23]} 25. cxb5 {[%emt 0:00:32]} f3 {[%emt 0:01:58]} 26. Qe3 {[%emt 0:00:36]} Qf5 {[%emt 0:03:20]} 27. Kh1 {[%emt 0:09:24]} Re6 {[%emt 0:03:33]} 28. Rg1 {[%emt 0:07:52]} axb5 {[%emt 0:01:30]} 29. Rxb5 {[%emt 0:01:10]} c6 {[%emt 0:03:08]} 30. Rb7 {[%emt 0:01:45]} Rg8 {[%emt 0:00:44]} 31. Qc3 {[%emt 0:06:36]} Qd5 {[%emt 0:01:01]} 32. Qb3 {[%emt 0:03:53]} Qf5 {[%emt 0:00:39]} 33. g4 {[%emt 0:02:52]} Qf6 {[%emt 0:00:03]} 34. Qe3 {[%emt 0:00:42]} Rd8 {[%emt 0:00:35]} 35. Rb4 {[%emt 0:00:14]} 1/2-1/2